00398nam a22001577a 4500003000400000008004100004020001800045082001500063100002600078245003000104250000800134260002600142300001300168650003900181700002000220OSt250426b |||||||| |||| 00| 0 eng d a9788125601104 a615.19 SIP aSiddiqui, Anees Ahmed aPharmaceutical Chemistry  a1st aDelhibTara Pubc2025 aviii,342 aPharmaceutical Inorganic Chemistry aSiddiqui, Seema